Del linaje y armas del primer cronista de Indias, el madrileño Gonzalo Fernández de Oviedo / (Record no. 104787)

MARC details
000 -LEADER
campo de control de longitud fija 00728nam a2200193 i 4500
001 - NÚMERO DE CONTROL
campo de control 104787
003 - IDENTIFICADOR DE NÚMERO DE CONTROL
campo de control ES-MaACL
005 - FECHA Y HORA DE LA ÚLTIMA TRANSACCIÓN
campo de control 20251001150400.0
007 - CAMPO FIJO DE DESCRIPCIÓN FÍSICA--INFORMACIÓN GENERAL
campo de control de longitud fija t|
008 - DATOS DE LONGITUD FIJA--INFORMACIÓN GENERAL
campo de control de longitud fija 051212s1958 sp ||||1| spa d
100 1# - ENTRADA PRINCIPAL--NOMBRE DE PERSONA
Nombre de persona Miralles de Imperial y Gómez, Claudio.
9 (RLIN) 81499
245 10 - MENCIÓN DEL TÍTULO
Título Del linaje y armas del primer cronista de Indias, el madrileño Gonzalo Fernández de Oviedo /
Mención de responsabilidad, etc. Claudio Miralles de Imperial y Gómez.
260 ## - PUBLICACIÓN, DISTRIBUCIÓN, ETC.
Lugar de publicación, distribución, etc. Madrid :
Nombre del editor, distribuidor, etc. [s.n.],
Fecha de publicación, distribución, etc. 1958.
300 ## - DESCRIPCIÓN FÍSICA
Extensión 25 h., 2 lám. ;
Dimensiones 24 cm.
500 ## - NOTA GENERAL
Nota general Es separata de la Revista de Indias. Año XVIII. Nº 71.- enero-marzo 1958.
600 14 - PUNTO DE ACCESO ADICIONAL DE MATERIA--NOMBRE DE PERSONA
Nombre de persona Fernández de Oviedo, Gonzalo,
Fechas asociadas al nombre 1478-1557
9 (RLIN) 49702
852 ## - LOCALIZACIÓN
Ubicación ES-MaACL
Número de control de estantería 2000-F-6
Sublocalización o colección R.41904
Holdings
Estatus retirado Estado de pérdida Estado de daño No para préstamo Colección Biblioteca de origen Biblioteca actual Ubicación en estantería Fecha de adquisición Fuente de adquisición Total de préstamos Signatura topográfica completa Código de barras Visto por última vez Precio de reemplazo Tipo de ítem Koha
        Colección de folletos Biblioteca del Ateneo de Madrid Biblioteca del Ateneo de Madrid Depósito folletos 17/01/2008     2000-F-6 1109400 23/02/2023 23/02/2023 Folleto